MDQL
is popping MORE tags! Check the
thread
!
Quizzes
Events
Quiz Creation
Community
Videos
Private Events
Remove Ads
Sign In
Join for FREE
Feedback
Dark Mode
Quiz Categories
Sports
Geography
Music
Movies
Television
Just For Fun
Miscellaneous
History
Literature
Language
Science
Gaming
Entertainment
Religion
Holiday
For Kids
Quiz Lab
Recent
Popular Today
Quiz Kudos Today
Editor Picks
Curator Picks
Quizzes by...
Day
Popularity
Type
Ratings
Length
Year
Community
Subscriptions
Recent Discussions
Orange Saloon
Badges
Playlists
Quests
Create
Leaderboards
Showdown
Live 5
Trivia Bingo
Activity
Puzzle Library
Sporcle Events
Private Events
Virtual Trivia
Globe League
Become a Host
Pub Owners
SporcleCon
Opinionation
Our Games
Videos
Blog
Mobile Apps
Partnerships
Remove Ads and Go Orange
Feedback
Sports
Athletes
MLB
NBA
NHL
NFL
Soccer
Sports Teams
WWE
NCAA
Football
Premier League
Basketball
Baseball
Hockey
Golf
Tennis
Cricket
Rugby
Auto Racing
Olympics
World Cup
Sports
Athletes
MLB
NBA
NHL
NFL
Soccer
Sports Teams
WWE
NCAA
Football
Premier League
Basketball
Baseball
Hockey
Golf
Tennis
Cricket
Rugby
Auto Racing
Olympics
World Cup
Random Quiz
Search Sporcle
×
Quiz Lab
Quiz Lab
Sports
run
Type in answers that appear in a list
Type in answers that appear in a list
Classic
Best Score? Go Orange.
500 Home Runs Lineups 2001-2004 Stats
Can you name the 500 Home Runs Lineups?
By
Flags12345
10m
74 Questions
150 Plays
150 Plays
150 Plays
Comments
Comments
Give Quiz Kudos
Give Quiz Kudos
-
- Ratings
hide this ad
More Info
Replay
Link that replays current quiz
Next Quiz
Link to next quiz in quiz playlist
You Got
0%
They Got
Avg Score
37%
Avg Friend Score
Upgrade to see
Score Distribution
Jump to the score distribution portion of the page
Score
0/74
Timer
10:00
0
Plays Today
% Correct
Barry Bonds
96%
Jeff Kent
89.3%
Sammy Sosa
89.3%
Albert Pujols
89.3%
Ken Griffey Jr
87.3%
Ken Griffey Jr
87.3%
Scott Rolen
82.7%
Ricardo Rodriguez
80.7%
Alex Rodriguez
80.7%
Rafael Palmeiro
78%
Jim Edmonds
74%
Adam Dunn
68.7%
Michael Young
68.7%
Adam Dunn
68.7%
Shawn Green
66.7%
Alex Gonzalez
64.7%
Juan Gonzalez
64.7%
Edgar Renteria
64%
Barry Larkin
62.7%
Rich Aurilia
61.3%
J.T. Snow
56.7%
Brandon Phillips
53.3%
Eric Karros
52.7%
Moises Alou
52%
Omar Vizquel
52%
Hank Blalock
48%
Sean Casey
46%
Sean Casey
46%
Gary Sheffield
39.3%
Mike Matheny
37.3%
Matt Morris
37.3%
Reggie Sanders
36.7%
Paul LoDuca
36%
Russ Davis
34%
Austin Kearns
32.7%
Benito Santiago
32%
Mark Grudzielanek
29.3%
% Correct
Mark Grudzielanek
29.3%
Aaron Boone
29.3%
Mark Teixeira
29.3%
Casey Blake
26.7%
Jason LaRue
26%
Jason LaRue
26%
Corey Patterson
25.3%
Wily Mo Pena
24%
Marquis Grissom
22.7%
Milton Bradley
22.7%
Hee Seop Choi
20.7%
Damian Miller
20.7%
Tony Womack
20%
Gerald Laird
19.3%
Ryan Freel
17.3%
Marvin Benard
16%
Ray Lankford
16%
Shawn Estes
12.7%
Shawn Estes
12.7%
Ruben Sierra
12%
Matt Lawton
11.3%
Mark Bellhorn
10%
D'Angelo Jimenez
10%
Jody Gerut
8.7%
Colby Lewis
8.7%
Brandon Larson
6.7%
Brandon Larson
6.7%
Carl Everett
6%
Darren Dreifort
5.3%
Armando Rios
4.7%
Danny Graves
3.3%
Tim Laker
3.3%
Jung Bong
2%
Shane Spencer
1.3%
Bill Selby
1.3%
Phil Hiatt
0.7%
Jeff Reboulet
0.7%
Quiz Playlist
Details
Report
Send in Message
Add To Playlist
More Info:
The lineups from when Barry Bonds, Sammy Sosa, Rafael Palmeiro and Ken Griffey Jr. hit their 500th home runs. More to come.
Classic:
Type in answers that appear in a list
Quiz Source
Last Updated: Feb 16, 2017
Quiz Scoreboard
CHALLENGE
Sign Up to Join the Scoreboard
Show All
Scores
Hide
Comments
May contain spoilers
Recently Published
Find the 'City' Movie
by crazypaving
Movies
60s
5x2 Blitz: Bands
by SL_Kpop136
Music
30s
Colored Red Africa Blitz
by spor1
Geography
30s
More to Explore
Quiz From the Vault
Featured Blog Post
14 Easter Pick-up Lines to Find Eggs With
hide this ad
You Might Also Like...
Tags
500
home
run
Today's Top Quizzes in Sports
Browse Sports
hide this ad
Today's Top Quizzes in run
Browse run
Top Contributed Quizzes in Sports
1
Les entraîneurs de l'OM et du PSG au 21e siècle
2
Les meilleurs buteurs des matchs entre le PSG et l’OM
3
Les joueurs passés par le PSG et l'OM
4
Players with Multiple 50 Home Run Seasons
5
2022 World Cup Stars
6
Criteria MLB: Left Handed Sluggers
7
NBA Logic Puzzle 2.0
8
MLB Players with Two .350 Batting Average Seasons
9
Top 10 NHL Goal Scorers of All Time
10
Les joueurs passés par le LOSC et le RC Lens
Explore More
Trending Topics
Marvel
Kpop
NBA
Anime
Harry Potter
Disney
Crossword
WWE
NFL
Country
Pokémon
Song
Puzzle
The Office
Soccer
hide this ad
More By:
Flags12345
Quiz
Plays
Rating
Category
Featured
Created
Album of the Year Nominees: '90s, '00s, '10s
26,405
4.46
Music
Oct 8, 2014
Almost MVPs (MLB)
14,816
4.54
Sports
May 14, 2019
Hall of Fame Years - Boston Red Sox
6,952
4.96
Sports
Nov 17, 2020
NCAA Champions in the Basketball Hall of Fame
6,455
4.36
Sports
Jan 29, 2019
Hall of Fame Years - New York Yankees
4,868
4.92
Sports
Nov 23, 2020
Go to Creator's Profile
Score Distribution
Quiz Creator Spotlight
Flags12345
Follow
Send a Message
Quizzes Created
-
Created Quiz Play Count
-
More By This Creator
Popular Quizzes Today
1
Colored Red Africa Blitz
2
Find the 'City' Movie
3
Find the US States - No Outlines Minefield
4
5x2 Blitz: Bands
5
The Countries of the World
6
Find the US States
7
Find the Countries of Europe - No Outlines Minefield
8
US States
More Sports Quizzes
Last Ten: Liverpool Managers in Order
Quiz Lab
Trending Quizzes
Colored Red Europe Blitz I
Colored Red Africa Blitz II
Colored Red Europe Blitz II
Colored Red Europe Blitz III
Colored Red Africa Blitz III
Recently Updated
How Do You Spell That?
pecheneg
Godzilla Movies
pecheneg
Grab Bag: 4-10 Letters
pecheneg
2024 March Madness Bracket
pecheneg
Famous TV Couples
Peacemaker
Champions League XIs: Real Madrid
pecheneg
Largest US Cities 1790-2010
pecheneg
Rides in Walt Disney World
pecheneg
Most Oscar Losses (Acting)
pecheneg
Beyoncé Albums
pecheneg
Trending Topics
NBA
Anime
Crossword
Marvel
Kpop
Harry Potter
Disney
WWE
Soccer
The Office
Puzzle
NFL
Country
Pokémon
Song
Your Account Isn't Verified!
In order to create a playlist on Sporcle, you need to verify the email address you used during registration. Go to your
Sporcle Settings
to finish the process.
Report this User
Report this user for behavior that violates our
Community Guidelines
.
Details:
Send Report
Go to the Sporcle.com Mobile Site →
Comments